ਖਾਮੋਸ਼ ਆਵਾਜ਼ਾਂ : (Record no. 110145)

MARC details
000 -LEADER
fixed length control field 01019nam a22002537a 4500
005 - DATE AND TIME OF LATEST TRANSACTION
control field 20170123164148.0
010 ## - LIBRARY OF CONGRESS CONTROL NUMBER
LC control number B-123922
020 ## - INTERNATIONAL STANDARD BOOK NUMBER
Terms of availability 180.00
International Standard Book Number 817116403
035 ## - SYSTEM CONTROL NUMBER
System control number B-123922
037 ## - SOURCE OF ACQUISITION
Source of stock number/acquisition Cen Lib/Ret
040 ## - CATALOGING SOURCE
Original cataloging agency DPL
Language of cataloging PN
082 ## - DEWEY DECIMAL CLASSIFICATION NUMBER
Classification number
Item number ਹਰਭ
100 ## - MAIN ENTRY--PERSONAL NAME
Personal name ਹਰਭਜਨ ਕੌਰ ਆਦਰਸ਼
9 (RLIN) 8394
245 ## - TITLE STATEMENT
Title ਖਾਮੋਸ਼ ਆਵਾਜ਼ਾਂ :
Statement of responsibility, etc ਹਰਭਜਨ ਕੌਰ ਆਦਰਸ਼
Remainder of title ਕਹਾਣੀਆਂ /
246 ## - VARYING FORM OF TITLE
Title proper/short title Khamosh Aawazaan : stories /
Remainder of title by Harbhajan Kaur Adarsh
260 ## - PUBLICATION, DISTRIBUTION, ETC. (IMPRINT)
Place of publication, distribution, etc ਦਿੱਲੀ
Name of publisher, distributor, etc ਨੈਸ਼ਨਲ਼ ਬੂਕ ਸ਼ਾਪ
Date of publication, distribution, etc 2005
270 ## - ADDRESS
Address ਪ੍ਲੇਆਸੁਰ ਗਾਰਡਨ ਮਾਰਕਿਟ, ਚਾਂਦਨੀ ਚੋਕ
City ਦਿੱਲੀ
Postal code 110006
300 ## - PHYSICAL DESCRIPTION
Extent 160p ;
Dimensions 20cm
650 ## - SUBJECT ADDED ENTRY--TOPICAL TERM
Topical term or geographic name as entry element ਪੰਜਾਬੀ ਕਹਾਣੀਆ
9 (RLIN) 123712
650 ## - SUBJECT ADDED ENTRY--TOPICAL TERM
Topical term or geographic name as entry element ਸਾਹਿਤ -- ਪੰਜਾਬੀ
9 (RLIN) 123713
650 ## - SUBJECT ADDED ENTRY--TOPICAL TERM
Topical term or geographic name as entry element Punjabi - literature
9 (RLIN) 781
650 ## - SUBJECT ADDED ENTRY--TOPICAL TERM
Topical term or geographic name as entry element Punjabi -- story
9 (RLIN) 123714
942 ## - ADDED ENTRY ELEMENTS (KOHA)
Source of classification or shelving scheme Dewey Decimal Classification
Koha item type Punjabi Bks
Classification part
Call number suffix ਹਰਭ
Holdings
Withdrawn status Lost status Damaged status Not for loan Home library Current library Date acquired Source of acquisition Cost, normal purchase price Total Checkouts Total Renewals Full call number Barcode Date last seen Date checked out Copy number Cost, replacement price Price effective from Koha item type
        Central Library Central Library 14/01/2016 Cen Lib/Ret 180.00 2 2 ਕ ਹਰਭ B-123922 26/08/2025 01/08/2025 1 180.00 14/01/2016 Punjabi Bks

© Delhi Public Library
Hit Counter
free hit counter